<?xml version="1.0" encoding="UTF-8"?><?xml-stylesheet type="text/xsl" href="static/style.xsl"?><OAI-PMH xmlns="http://www.openarchives.org/OAI/2.0/" xmlns:xsi="http://www.w3.org/2001/XMLSchema-instance" xsi:schemaLocation="http://www.openarchives.org/OAI/2.0/ http://www.openarchives.org/OAI/2.0/OAI-PMH.xsd"><responseDate>2026-04-17T03:33:30Z</responseDate><request verb="GetRecord" identifier="oai:www.recercat.cat:2445/135182" metadataPrefix="marc">https://recercat.cat/oai/request</request><GetRecord><record><header><identifier>oai:recercat.cat:2445/135182</identifier><datestamp>2025-12-05T09:25:00Z</datestamp><setSpec>com_2072_1057</setSpec><setSpec>col_2072_478799</setSpec><setSpec>col_2072_478858</setSpec><setSpec>col_2072_478917</setSpec><setSpec>col_2072_478921</setSpec></header><metadata><record xmlns="http://www.loc.gov/MARC21/slim" xmlns:dcterms="http://purl.org/dc/terms/" xmlns:xsi="http://www.w3.org/2001/XMLSchema-instance" xmlns:doc="http://www.lyncode.com/xoai" xsi:schemaLocation="http://www.loc.gov/MARC21/slim http://www.loc.gov/standards/marcxml/schema/MARC21slim.xsd">
   <leader>00925njm 22002777a 4500</leader>
   <datafield ind2=" " ind1=" " tag="042">
      <subfield code="a">dc</subfield>
   </datafield>
   <datafield ind2=" " ind1=" " tag="720">
      <subfield code="a">Rodríguez Santiago, Benjamín</subfield>
      <subfield code="e">author</subfield>
   </datafield>
   <datafield ind2=" " ind1=" " tag="720">
      <subfield code="a">Casademont i Pou, Jordi</subfield>
      <subfield code="e">author</subfield>
   </datafield>
   <datafield ind2=" " ind1=" " tag="720">
      <subfield code="a">Nunes Martínez, Virginia</subfield>
      <subfield code="e">author</subfield>
   </datafield>
   <datafield ind2=" " ind1=" " tag="260">
      <subfield code="c">2019-06-17T14:02:29Z</subfield>
   </datafield>
   <datafield ind2=" " ind1=" " tag="260">
      <subfield code="c">2019-06-17T14:02:29Z</subfield>
   </datafield>
   <datafield ind2=" " ind1=" " tag="260">
      <subfield code="c">2001-08-16</subfield>
   </datafield>
   <datafield ind2=" " ind1=" " tag="260">
      <subfield code="c">2019-06-17T14:02:29Z</subfield>
   </datafield>
   <datafield ind2=" " ind1=" " tag="520">
      <subfield code="a">Introducción: varios estudios han relacionado la enfermedad de Alzheimer (EA) con defectos mitocondriales. Tales defectos incluyen anomalías de tipo estructural, bioquímico y genético. Entre las de tipo genético destacan los reordenamientos y las mutaciones puntuales descritas en el DNA mitocondrial (ADNmt). Objetivo: estudiar la incidencia de reordenamientos y cuatro mutaciones puntuales en el ADNmt de pacientes con EA y determinar las posibles diferencias respecto a individuos control. Pacientes y métodos: necropsias de cerebelo, córtex frontal e hipocampo de pacientes con EA y controles. También se dispuso de sangre de enfermos vivos diagnosticados de EA y de controles. Las muestras se analizaron mediante Southern blot, hibridando con una sonda mitocondrial. También se analizaron las mutaciones puntuales G3196A, A3397G, A4336G y G5460A/T. Resultados: no se observaron diferencias entre pacientes y controles, ni en tejidos cerebrales ni en sangre en los análisis realizados mediante southern. No se halló asociación entre las mutaciones puntuales analizadas y la EA en nuestras muestras. Conclusiones: los resultados obtenidos no apoyan la hipótesis de una implicación mitocondrial en la EA, en cuanto a reordenamientos y las cuatro mutaciones puntuales analizados en el ADNmt en nuestras muestras, lo cual no descarta la posible existencia de otras mutaciones puntuales no analizadas y/u otros defectos mitocondriales que contribuyan al desarrollo de la EA.</subfield>
   </datafield>
   <datafield tag="653" ind2=" " ind1=" ">
      <subfield code="a">Malaltia d'Alzheimer</subfield>
   </datafield>
   <datafield tag="653" ind2=" " ind1=" ">
      <subfield code="a">ADN mitocondrial</subfield>
   </datafield>
   <datafield tag="653" ind2=" " ind1=" ">
      <subfield code="a">Mutació (Biologia)</subfield>
   </datafield>
   <datafield tag="653" ind2=" " ind1=" ">
      <subfield code="a">Alzheimer's disease</subfield>
   </datafield>
   <datafield tag="653" ind2=" " ind1=" ">
      <subfield code="a">Mitochondrial DNA</subfield>
   </datafield>
   <datafield tag="653" ind2=" " ind1=" ">
      <subfield code="a">Mutation (Biology)</subfield>
   </datafield>
   <datafield ind2="0" ind1="0" tag="245">
      <subfield code="a">¿Existe correlación entre la enfermedad de Alzheimer y defectos en el ADN mitocondrial?</subfield>
   </datafield>
   <datafield ind2="0" ind1="0" tag="245">
      <subfield code="a">Is there a relation between alzheimer's disease and defects of mitochondrial DNA?</subfield>
   </datafield>
</record></metadata></record></GetRecord></OAI-PMH>